[Event "25.Schlosspark-Open"]
[Site "Wiesbaden-Biebrich"]
[Date "2013.08.25"]
[Round "6.1"]
[White "Meijers, Viesturs"]
[Black "Khenkin, Igor"]
[Result "1/2-1/2"]
[WhiteElo "2470"]
[BlackElo "2605"]
[PlyCount "32"]
[EventDate "2013.??.??"]
[WhiteTeam "ESV Nickelhütte Aue"]
[BlackTeam "Wiesbadener SV 1885"]

1. e4 c6 2. c4 d5 3. exd5 Nf6 4. Nc3 cxd5 5. cxd5 Nxd5 6. Nf3 Nc6 7. d4 Bg4 8.
Qb3 Bxf3 9. gxf3 e6 10. Qxb7 Nxd4 11. Bb5+ Nxb5 12. Qc6+ Ke7 13. Qxb5 Qd7 14.
Nxd5+ Qxd5 15. Qxd5 exd5 16. O-O Ke6 1/2-1/2

[Event "25.Schlosspark-Open"]
[Site "Wiesbaden-Biebrich"]
[Date "2013.08.25"]
[Round "6.2"]
[White "Milov, Leonid"]
[Black "Junesch, Gerhard"]
[Result "1-0"]
[WhiteElo "2528"]
[BlackElo "2323"]
[PlyCount "75"]
[EventDate "2013.??.??"]
[WhiteTeam "SC Noris-Tarrasch Nürnberg 1873"]
[BlackTeam "SC Erdmannhausen"]

1. e4 c6 2. d4 d5 3. f3 dxe4 4. fxe4 e5 5. Nf3 Bg4 6. Bc4 Nd7 7. c3 b5 8. Bb3
Ngf6 9. a4 a6 10. Bg5 Be7 11. Nbd2 O-O 12. O-O h6 13. Bh4 Bh5 14. Qe1 Ng4 15.
Bg3 exd4 16. cxd4 Ngf6 17. e5 Nd5 18. e6 N7f6 19. Ne5 Qb6 20. exf7+ Bxf7 21.
Nxf7 Rxf7 22. axb5 Qxb5 23. Qe6 Raf8 24. Bc4 Qxb2 25. Nf3 Qc3 26. Rac1 Qe3+ 27.
Qxe3 Nxe3 28. Bxf7+ Rxf7 29. Rfe1 Nfd5 30. Ne5 Rf5 31. Bf2 Bg5 32. Rxc6 Bf4 33.
g3 Bxe5 34. dxe5 Ng4 35. Bd4 Nb4 36. Rc8+ Kh7 37. e6 Nd3 38. Re2 1-0

[Event "25.Schlosspark-Open"]
[Site "Wiesbaden-Biebrich"]
[Date "2013.08.25"]
[Round "6.3"]
[White "Nagel, Bernhard"]
[Black "Carow, Johannes"]
[Result "0-1"]
[WhiteElo "2230"]
[BlackElo "2355"]
[PlyCount "76"]
[EventDate "2013.??.??"]
[WhiteTeam "Wiesbadener SV 1885"]
[BlackTeam "Sfr.Heidesheim"]

1. c4 c5 2. g3 g6 3. Nc3 Bg7 4. Bg2 Nc6 5. a3 e6 6. Rb1 Nge7 7. e4 b6 8. Nge2
O-O 9. O-O Bb7 10. d3 d6 11. b4 Qd7 12. Bd2 f5 13. f4 Rac8 14. Be1 Nd4 15. b5
Rfd8 16. h3 fxe4 17. dxe4 d5 18. cxd5 exd5 19. Nxd4 Bxd4+ 20. Kh2 dxe4 21. Qa4
Nd5 22. Nxd5 Bxd5 23. g4 e3 24. Qc2 Re8 25. Bg3 Bxg2 26. Kxg2 Qd5+ 27. Kh2 Qe4
28. Qc4+ Kh8 29. Qe2 c4 30. Rfd1 Bg7 31. Rb4 Qe6 32. f5 gxf5 33. gxf5 Qe4 34.
Rd7 Qxf5 35. Rxa7 Rcd8 36. Rb2 c3 37. Qg2 cxb2 38. Rxg7 Rd2 0-1

[Event "25.Schlosspark-Open"]
[Site "Wiesbaden-Biebrich"]
[Date "2013.08.25"]
[Round "6.4"]
[White "Schmittdiel, Eckhard"]
[Black "Sergin, Mark"]
[Result "1-0"]
[WhiteElo "2435"]
[BlackElo "2160"]
[PlyCount "113"]
[EventDate "2013.??.??"]
[WhiteTeam "SC Hansa Dortmund e.V."]
[BlackTeam "Kasseler SK 1876"]

1. c4 Nf6 2. g3 c5 3. Bg2 Nc6 4. Nc3 g6 5. e4 d6 6. Nge2 Bg7 7. O-O O-O 8. a3
Ne8 9. Rb1 e5 10. d3 Nd4 11. b4 b6 12. Nxd4 cxd4 13. Ne2 Rb8 14. f4 f5 15. h3
fxe4 16. dxe4 Be6 17. Kh2 Bxc4 18. Rf2 Nc7 19. Ng1 Nb5 20. Qe1 Rc8 21. Nf3 Bd3
22. Ra1 Qe8 23. fxe5 dxe5 24. Rd2 Bc4 25. a4 Nc3 26. b5 Bh6 27. Rc2 Bxc1 28.
Raxc1 Bd3 29. Rxc3 dxc3 30. Rxc3 Bc4 31. Qc1 Bb3 32. Qb2 Be6 33. Nxe5 Rxc3 34.
Qxc3 Rf2 35. Nc6 Bxh3 36. Kxh3 Qe6+ 37. g4 h5 38. Kg3 Ra2 39. Bf3 Rxa4 40. g5
Ra2 41. Qf6 h4+ 42. Kxh4 Rh2+ 43. Kg3 Qh3+ 44. Kf4 Qh4+ 45. Ke5 Qg3+ 46. Ke6
Qh3+ 47. Ke7 Qh7+ 48. Ke8 Qg7 49. e5 Rh8 50. Ne7+ Kh7+ 51. Kd7 Rf8 52. Be4 Rxf6
53. exf6 Qf8 54. Bxg6+ Kh8 55. Be8 Kh7 56. g6+ Kh6 57. g7 1-0

[Event "25.Schlosspark-Open"]
[Site "Wiesbaden-Biebrich"]
[Date "2013.08.25"]
[Round "6.5"]
[White "Sobolevsky, Leonid"]
[Black "Boidman, Yuri"]
[Result "0-1"]
[WhiteElo "2182"]
[BlackElo "2403"]
[PlyCount "78"]
[EventDate "2013.??.??"]
[WhiteTeam "Schachzirkel Elstertal Langenber"]
[BlackTeam "SC Heimbach-Weis/Neuwied"]

1. e4 d5 2. exd5 Nf6 3. d4 Bg4 4. Nf3 Qxd5 5. Nc3 Qh5 6. Bf4 Bxf3 7. gxf3 c6 8.
Be5 Nbd7 9. Qe2 e6 10. a3 Nxe5 11. dxe5 Nd5 12. Nxd5 exd5 13. f4 Qh4 14. Qe3 g5
15. f5 d4 16. Qf3 g4 17. Qe4 Bh6 18. Be2 Be3 19. O-O Bh6 20. Rad1 O-O-O 21.
Rxd4 Rxd4 22. Qxd4 Rd8 23. Qe4 Bd2 24. Rd1 h5 25. e6 fxe6 26. Qxe6+ Kc7 27.
Qe5+ Kc8 28. f6 Qg5 29. Qe6+ Kc7 30. Bc4 h4 31. Qe7+ Rd7 32. Qe6 g3 33. hxg3
hxg3 34. Kf1 g2+ 35. Ke2 g1=Q 36. Rxg1 Qxg1 37. f7 Qe1+ 38. Kf3 Qxe6 39. Bxe6
Rd8 0-1

[Event "25.Schlosspark-Open"]
[Site "Wiesbaden-Biebrich"]
[Date "2013.08.25"]
[Round "6.6"]
[White "Müller, Ralf"]
[Black "Kayser, Felix"]
[Result "1/2-1/2"]
[WhiteElo "2395"]
[BlackElo "2179"]
[PlyCount "99"]
[EventDate "2013.??.??"]
[WhiteTeam "SG Stern Stuttgart"]
[BlackTeam "Wiesbadener SV 1885"]

1. d4 d5 2. c4 e6 3. Nf3 c5 4. cxd5 exd5 5. g3 Nc6 6. Bg2 Nf6 7. O-O Be7 8. Nc3
O-O 9. b3 Bg4 10. dxc5 Bxc5 11. Bg5 d4 12. Bxf6 Qxf6 13. Ne4 Qe7 14. Nxc5 Qxc5
15. Qd2 Rad8 16. h3 Bc8 17. Ne1 Qc3 18. Rd1 h6 19. Nd3 Rfe8 20. e4 a5 21. Nf4
Ne5 22. Qxc3 dxc3 23. Nd5 c2 24. Rc1 f5 25. f3 Nxf3+ 26. Bxf3 fxe4 27. Bh5 Re5
28. Bf7+ Kh7 29. Ne3 Bxh3 30. Rfe1 b5 31. Rxc2 Rd7 32. Rf2 g6 33. g4 h5 34.
gxh5 Rxh5 35. Be8 Rd6 36. Bf7 Kg7 37. Rd1 Rxd1+ 38. Nxd1 Bg4 39. Bxg6 Kxg6 40.
Rg2 Rg5 41. Ne3 Be6 42. Kf2 Rxg2+ 43. Nxg2 Bxb3 44. axb3 a4 45. bxa4 bxa4 46.
Ke3 a3 47. Ne1 a2 48. Nc2 Kf5 49. Na1 Ke5 50. Nc2 1/2-1/2

[Event "25.Schlosspark-Open"]
[Site "Wiesbaden-Biebrich"]
[Date "2013.08.25"]
[Round "6.7"]
[White "Mensch, Etienne"]
[Black "Baskin, Robert"]
[Result "0-1"]
[WhiteElo "2345"]
[BlackElo "2145"]
[PlyCount "90"]
[EventDate "2013.??.??"]
[WhiteTeam "SK Freiburg-Wiehre 2000 e.V."]
[BlackTeam "SAbt TuS Makkabi Ffm"]

1. d4 Nf6 2. Bg5 e6 3. e4 h6 4. Bxf6 Qxf6 5. Nc3 d6 6. Nf3 g5 7. h4 g4 8. e5
Qg7 9. Ne4 gxf3 10. Nf6+ Ke7 11. gxf3 Nd7 12. Nh5 Qg6 13. Ng3 dxe5 14. Bd3 f5
15. Qe2 Bg7 16. Rg1 Qf7 17. O-O-O h5 18. Kb1 Kf8 19. Bc4 Nb6 20. dxe5 Bd7 21.
Bb3 Bc6 22. f4 Nd5 23. Rd4 Qg6 24. Bxd5 Bxd5 25. Qb5 Bc6 26. Qc5+ Ke8 27. Ne2
Qf7 28. Qc4 Bf8 29. b4 Bd5 30. Qd3 a6 31. Nc3 c6 32. Na4 b5 33. Nc5 Bxc5 34.
bxc5 Rg8 35. Rg5 a5 36. Qd1 Rxg5 37. fxg5 Kd7 38. f4 Kc7 39. a3 Qe7 40. Qxh5
Qxc5 41. Rd3 b4 42. a4 b3 43. Qf7+ Kb6 44. Rxb3+ Bxb3 45. cxb3 Rd8 0-1

[Event "25.Schlosspark-Open"]
[Site "Wiesbaden-Biebrich"]
[Date "2013.08.25"]
[Round "6.8"]
[White "Serbu, Eli"]
[Black "Karabalis, Harilos"]
[Result "0-1"]
[WhiteElo "2164"]
[BlackElo "2275"]
[PlyCount "68"]
[EventDate "2013.??.??"]
[WhiteTeam "Wiesbadener SV 1885"]
[BlackTeam "SC Brett vor'm Kopp Ffm"]

1. e4 e6 2. d4 d5 3. Nd2 Nf6 4. e5 Nfd7 5. Qg4 c5 6. c3 Nc6 7. Bd3 h5 8. Qf4
cxd4 9. cxd4 g6 10. Ne2 Qb6 11. O-O Bh6 12. Qh4 g5 13. Qxh5 Nxd4 14. Nxd4 Qxd4
15. Bb5 Bg7 16. Qxg5 Qxe5 17. Qxe5 Bxe5 18. f4 Bd4+ 19. Kh1 a6 20. Be2 Nf6 21.
Nf3 Ba7 22. h3 Ne4 23. Kh2 f6 24. b3 Bd7 25. Bb2 Ke7 26. Nd4 Rag8 27. Rfe1 Bb8
28. Bc1 e5 29. Nf3 Rxg2+ 30. Kxg2 Bxh3+ 31. Kh1 Ba7 32. Ba3+ Kd8 33. Rg1 Bf1+
34. Nh2 Nf2# 0-1

[Event "25.Schlosspark-Open"]
[Site "Wiesbaden-Biebrich"]
[Date "2013.08.25"]
[Round "6.9"]
[White "Rutsatz, Mario"]
[Black "Commercon, Simon"]
[Result "0-1"]
[WhiteElo "1918"]
[BlackElo "2183"]
[PlyCount "82"]
[EventDate "2013.??.??"]
[WhiteTeam "Sfr. Frankfurt 1921"]
[BlackTeam "TSG Mutterstadt"]

1. d4 Nf6 2. c4 g6 3. Nc3 Bg7 4. Nf3 d6 5. Bf4 O-O 6. e3 c6 7. Be2 Re8 8. O-O
Nh5 9. Bg5 Qc7 10. b4 Nd7 11. a4 e5 12. d5 h6 13. Bh4 f5 14. Nd2 Nhf6 15. Bxf6
Nxf6 16. Qb3 Kh7 17. e4 a5 18. Rfc1 Nd7 19. Qa3 axb4 20. Qxb4 Nc5 21. f3 h5 22.
a5 Bh6 23. Rc2 Be3+ 24. Kh1 Qe7 25. dxc6 bxc6 26. Nb3 Be6 27. Nxc5 Bxc5 28. Qa4
Ra6 29. Qb3 Rea8 30. Rca2 Qc7 31. Qa4 Bd4 32. Qb4 Kh6 33. Bd3 f4 34. Ra4 g5 35.
R1a2 Bc5 36. Qb3 g4 37. Be2 Rb8 38. Qd1 Qg7 39. Ra1 Qg5 40. Qe1 g3 41. h3 Bxh3
0-1

[Event "25.Schlosspark-Open"]
[Site "Wiesbaden-Biebrich"]
[Date "2013.08.25"]
[Round "6.10"]
[White "Gara, Anita"]
[Black "Sandten, Ulrich"]
[Result "1-0"]
[WhiteElo "2299"]
[BlackElo "2073"]
[PlyCount "31"]
[EventDate "2013.??.??"]
[WhiteTeam "SV Großhansdorf"]
[BlackTeam "SF Vonkeln 1931"]

1. e4 c6 2. d4 d5 3. Nc3 dxe4 4. Nxe4 Bf5 5. Ng3 Bg6 6. Bc4 e6 7. N1e2 Bd6 8.
Nf4 Qc7 9. Ngh5 Bxh5 10. Nxh5 g6 11. Ng3 Nd7 12. Qf3 Nb6 13. Bb3 O-O-O 14. Ne4
Bf8 15. Bf4 Qd7 16. Be5 1-0

[Event "25.Schlosspark-Open"]
[Site "Wiesbaden-Biebrich"]
[Date "2013.08.25"]
[Round "6.11"]
[White "Stockmann, Michael"]
[Black "Trumpp, Lothar"]
[Result "1-0"]
[WhiteElo "2273"]
[BlackElo "2066"]
[PlyCount "69"]
[EventDate "2013.??.??"]
[WhiteTeam "Sfr. Schöneck"]
[BlackTeam "VSG 1880 Offenbach"]

1. Nf3 g6 2. d4 Bg7 3. g3 d6 4. Bg2 c6 5. O-O Nf6 6. c4 O-O 7. Nc3 Nbd7 8. h3
Re8 9. e4 e5 10. Re1 Qc7 11. Be3 Nf8 12. Qc2 Nh5 13. Rad1 exd4 14. Nxd4 Ne6 15.
Nde2 b6 16. g4 Nf6 17. f4 Bb7 18. f5 Nc5 19. Bf4 Bf8 20. Nd4 Ncd7 21. Nf3 Ne5
22. Nxe5 dxe5 23. Bg5 Be7 24. Rf1 Bc5+ 25. Kh1 Nd7 26. Qd2 Bc8 27. fxg6 fxg6
28. b4 Bxb4 29. Nd5 cxd5 30. Qxd5+ Kh8 31. Qf7 Rf8 32. Bf6+ Nxf6 33. Qxc7 Ba6
34. Rxf6 Rxf6 35. Qxe5 1-0

[Event "25.Schlosspark-Open"]
[Site "Wiesbaden-Biebrich"]
[Date "2013.08.25"]
[Round "6.12"]
[White "Wenninger, Philipp"]
[Black "Feicht, Arno"]
[Result "1-0"]
[WhiteElo "2229"]
[BlackElo "2049"]
[PlyCount "69"]
[EventDate "2013.??.??"]
[WhiteTeam "Heilbronner SV"]
[BlackTeam "Sfr. Anderssen Wetzlar"]

1. d4 e6 2. g3 f5 3. Bg2 Nf6 4. Nh3 c6 5. c4 Be7 6. O-O O-O 7. Nd2 d6 8. b3 e5
9. dxe5 dxe5 10. Bb2 Qc7 11. Qc2 Bc5 12. a3 a5 13. Bc3 Qe7 14. Qb2 Ng4 15. b4
axb4 16. axb4 Rxa1 17. Rxa1 Bd4 18. Bxd4 exd4 19. Nf3 Rd8 20. Rd1 c5 21. bxc5
Nc6 22. Nxd4 Be6 23. Rd2 Bxc4 24. Nxf5 Qe5 25. Rxd8+ Nxd8 26. Qxe5 Nxe5 27. e3
Nd7 28. Nd6 Ba6 29. Bd5+ Kf8 30. Ne4 Ke7 31. Nf4 Bb5 32. Nd6 Bc6 33. Nxb7 Bxb7
34. Bxb7 Nxc5 35. Bd5 1-0

[Event "25.Schlosspark-Open"]
[Site "Wiesbaden-Biebrich"]
[Date "2013.08.25"]
[Round "6.13"]
[White "Neurohr, Jürgen"]
[Black "Hahn, Markus"]
[Result "0-1"]
[WhiteElo "2060"]
[BlackElo "2239"]
[PlyCount "50"]
[EventDate "2013.??.??"]
[WhiteTeam "Sfr.Mainz 1928"]
[BlackTeam "Kasseler SK 1876"]

1. d4 Nf6 2. c4 e6 3. Nc3 Bb4 4. Qc2 c5 5. dxc5 Bxc5 6. Nf3 O-O 7. a3 a6 8. Bf4
d5 9. e3 dxc4 10. Bxc4 b5 11. Be2 Qb6 12. h3 Bb7 13. O-O Nbd7 14. Rac1 Rac8 15.
Rfd1 Nd5 16. Nxd5 Bxd5 17. Ng5 Nf6 18. b4 Bxe3 19. Bxe3 Rxc2 20. Rxc2 Qb7 21.
Bf3 h6 22. Bxd5 Nxd5 23. Nf3 Nxe3 24. fxe3 Rc8 25. Rcd2 Qe4 0-1

[Event "25.Schlosspark-Open"]
[Site "Wiesbaden-Biebrich"]
[Date "2013.08.25"]
[Round "6.14"]
[White "Minor, Samuel"]
[Black "Brechlin, Olaf"]
[Result "1-0"]
[WhiteElo "2230"]
[BlackElo "2046"]
[PlyCount "57"]
[EventDate "2013.??.??"]
[WhiteTeam "Wiesbadener SV 1885"]
[BlackTeam "FVS ASP Hoyerswerda"]

1. e4 Nc6 2. Nf3 d5 3. exd5 Qxd5 4. Nc3 Qa5 5. d4 Bg4 6. h3 Bh5 7. Be3 e6 8. a3
Bxf3 9. Qxf3 Qf5 10. Qxf5 exf5 11. Bc4 Bd6 12. Nb5 Rd8 13. O-O-O Nge7 14. d5
Ne5 15. Nxd6+ Rxd6 16. Bb5+ c6 17. dxc6 Rxd1+ 18. Rxd1 bxc6 19. Ba4 O-O 20. Bc5
N5g6 21. Re1 Re8 22. b4 Kf8 23. h4 h5 24. Bxc6 Rd8 25. Bf3 Rd7 26. Bxh5 Nxh4
27. g3 Nhg6 28. Bxg6 fxg6 29. c4 1-0

[Event "25.Schlosspark-Open"]
[Site "Wiesbaden-Biebrich"]
[Date "2013.08.25"]
[Round "6.15"]
[White "Bauer, Claus"]
[Black "Bingert, Tim Niklas"]
[Result "1/2-1/2"]
[WhiteElo "2172"]
[BlackElo "2026"]
[PlyCount "39"]
[EventDate "2013.??.??"]
[WhiteTeam "Sfr.Mainz 1928"]
[BlackTeam "SK Langen"]

1. d4 d5 2. Nf3 Nf6 3. e3 c6 4. c4 Bf5 5. cxd5 cxd5 6. Qb3 Qc7 7. Bd2 e6 8.
Bb5+ Nc6 9. O-O Bd6 10. Bb4 O-O 11. Bxd6 Qxd6 12. Bxc6 bxc6 13. Nbd2 Nd7 14.
Rfc1 Rfc8 15. Nh4 Bg6 16. Nxg6 hxg6 17. Rc3 Rab8 18. Qc2 Qb4 19. b3 Rc7 20. Nf3
1/2-1/2

[Event "25.Schlosspark-Open"]
[Site "Wiesbaden-Biebrich"]
[Date "2013.08.25"]
[Round "6.16"]
[White "Hahn, Florian"]
[Black "Ruppert, Wolfgang"]
[Result "1/2-1/2"]
[WhiteElo "2078"]
[BlackElo "2167"]
[PlyCount "123"]
[EventDate "2013.??.??"]
[WhiteTeam "SK Gründau"]
[BlackTeam "SC Flörsheim 1921"]

1. d4 f5 2. g3 Nf6 3. Bg2 g6 4. Nh3 Bg7 5. Nf4 Nc6 6. d5 Ne5 7. Nc3 c6 8. h4
Nf7 9. e4 e5 10. dxe6 dxe6 11. Qxd8+ Nxd8 12. exf5 gxf5 13. Bd2 Nf7 14. O-O-O
O-O 15. Rhe1 e5 16. Nd3 Re8 17. Kb1 Ng4 18. Bf3 Nf6 19. Bg2 Ng4 20. Bf3 h5 21.
Bg2 Be6 22. f3 Nf6 23. Nc5 Bc8 24. Bf1 b6 25. Na6 Re7 26. Bg5 Be6 27. Nb4 Rc7
28. Na6 Rb7 29. Nb4 Rc7 30. Na6 Rcc8 31. Nb4 a5 32. Nd3 Re8 33. Be3 Rab8 34.
Na4 c5 35. Nc3 c4 36. Nf2 b5 37. Bg5 b4 38. Na4 Rbc8 39. Nb6 Rc6 40. Bxf6 Bxf6
41. Nd5 Bg7 42. Nh3 Rc5 43. Ne3 Bf6 44. f4 Kg7 45. Be2 Kh6 46. Ng5 exf4 47.
gxf4 c3 48. b3 a4 49. Nxe6 Rxe6 50. Bc4 Re7 51. Nd5 Rxe1 52. Rxe1 Bxh4 53. Re6+
Kg7 54. Nxb4 Nh8 55. Nd5 Ng6 56. Ra6 axb3 57. cxb3 Bg3 58. Ra7+ Kh6 59. Ra6 Kg7
60. Ra7+ Kh6 61. Ra6 Kg7 62. Ra7+ 1/2-1/2

[Event "25.Schlosspark-Open"]
[Site "Wiesbaden-Biebrich"]
[Date "2013.08.25"]
[Round "6.17"]
[White "Boos, Markus"]
[Black "Osswald, Luis Monty"]
[Result "1-0"]
[WhiteElo "2153"]
[BlackElo "1965"]
[PlyCount "65"]
[EventDate "2013.??.??"]
[WhiteTeam "SF Vonkeln 1931"]
[BlackTeam "Kasseler SK 1876"]

1. d4 d5 2. c4 c6 3. Nf3 Nf6 4. e3 e6 5. b3 Nbd7 6. Bd3 b6 7. O-O Bb7 8. Nc3 c5
9. cxd5 Nxd5 10. Nxd5 Bxd5 11. Bb2 Bd6 12. e4 Bb7 13. dxc5 Nxc5 14. Bb5+ Kf8
15. Qd4 e5 16. Nxe5 Ne6 17. Qe3 Qh4 18. Rfd1 Rd8 19. Rxd6 Rxd6 20. Ba3 Nc5 21.
Nd7+ Kg8 22. Nxc5 bxc5 23. Bxc5 Rg6 24. f3 a6 25. Bf1 h5 26. Rd1 Bc8 27. Qf2
Qg5 28. Rd5 Qc1 29. Qd2 Qxd2 30. Rxd2 Kh7 31. Rd5 f5 32. exf5 Rc6 33. Bd3 1-0

[Event "25.Schlosspark-Open"]
[Site "Wiesbaden-Biebrich"]
[Date "2013.08.25"]
[Round "6.18"]
[White "Reinert, Stephane"]
[Black "Werner, Dimo"]
[Result "1/2-1/2"]
[WhiteElo "2050"]
[BlackElo "2139"]
[PlyCount "99"]
[EventDate "2013.??.??"]
[WhiteTeam "SC Bad Nauheim"]
[BlackTeam "Vorw.Orient Mainz"]

1. d4 d5 2. Nf3 Nf6 3. e3 e6 4. Bd3 c5 5. b3 Bd6 6. Bb2 O-O 7. Nbd2 Nc6 8. O-O
b6 9. Ne5 Bb7 10. f4 Nb4 11. Be2 Ne4 12. a3 Nc6 13. Rf3 f6 14. Nd3 Qe7 15. Nf2
Nxf2 16. Rxf2 Rad8 17. Nf3 Bb8 18. Qd2 e5 19. fxe5 fxe5 20. Raf1 cxd4 21. exd4
e4 22. Ne5 Rxf2 23. Rxf2 Nxe5 24. dxe5 Bxe5 25. Bxe5 Qxe5 26. Qb4 Qd6 27. Qa4
Qc5 28. Qb4 Rf8 29. Qxc5 bxc5 30. b4 cxb4 31. axb4 g6 32. Rxf8+ Kxf8 33. c3 Ke7
34. Kf2 Kf6 35. h4 h6 36. Ke3 Ke5 37. Bg4 g5 38. hxg5 hxg5 39. g3 Bc6 40. Bc8
Ba4 41. Bg4 Bc2 42. Kd2 Bd3 43. Ke3 Bc4 44. Bc8 Bb5 45. Bg4 Be8 46. Bc8 Bg6 47.
Bd7 Bf5 48. Bc6 Be6 49. Bb5 Kf5 50. Be2 1/2-1/2

[Event "25.Schlosspark-Open"]
[Site "Wiesbaden-Biebrich"]
[Date "2013.08.25"]
[Round "6.19"]
[White "Machlin, Maxim"]
[Black "Sarközy, Benjamin"]
[Result "0-1"]
[WhiteElo "1995"]
[BlackElo "2115"]
[PlyCount "50"]
[EventDate "2013.??.??"]
[WhiteTeam "Biebertaler SF"]
[BlackTeam "SV Oberursel"]

1. e4 c5 2. Nf3 Nc6 3. d4 cxd4 4. Nxd4 g6 5. c4 Nf6 6. Nc3 d6 7. Be2 Nxd4 8.
Qxd4 Bg7 9. Be3 O-O 10. Qd2 Qa5 11. O-O Be6 12. Rac1 Rfc8 13. b3 a6 14. f4 b5
15. e5 dxe5 16. fxe5 Rd8 17. Nd5 Qxd2 18. Bxd2 Nxd5 19. Bf3 bxc4 20. bxc4 Nb6
21. Bxa8 Rxd2 22. Rfd1 Rxd1+ 23. Rxd1 Nxa8 24. Rd8+ Bf8 25. Rxa8 Bxc4 0-1

[Event "25.Schlosspark-Open"]
[Site "Wiesbaden-Biebrich"]
[Date "2013.08.25"]
[Round "6.20"]
[White "Zeyer, Oliver"]
[Black "Kreiling, Carsten"]
[Result "1/2-1/2"]
[WhiteElo "2001"]
[BlackElo "2111"]
[PlyCount "28"]
[EventDate "2013.??.??"]
[WhiteTeam "SF HN-Biberach 1978 e.V."]
[BlackTeam "SVG Eppstein 1932"]

1. e4 c5 2. Nf3 Nc6 3. d4 cxd4 4. Nxd4 g6 5. Nc3 Bg7 6. Be3 Nf6 7. Bc4 O-O 8.
Bb3 Ng4 9. Nxc6 Nxe3 10. Nxd8 Nxd1 11. Nd5 Rxd8 12. Rxd1 Kf8 13. c3 d6 14. O-O
Rb8 1/2-1/2

[Event "25.Schlosspark-Open"]
[Site "Wiesbaden-Biebrich"]
[Date "2013.08.25"]
[Round "6.21"]
[White "Carow, Annelen"]
[Black "Junker, Christian"]
[Result "1-0"]
[WhiteElo "1997"]
[BlackElo "2100"]
[PlyCount "73"]
[EventDate "2013.??.??"]
[WhiteTeam "Sfr.Heidesheim"]
[BlackTeam "SV 1926 Neu-Isenburg"]

1. d4 f5 2. c4 e6 3. g3 Nf6 4. Bg2 Be7 5. Nf3 d5 6. O-O O-O 7. b3 c6 8. Ba3 Ne4
9. Bxe7 Qxe7 10. Qc1 b6 11. Ne5 Bb7 12. f3 Nd6 13. Nd2 Nf7 14. Nxf7 Rxf7 15.
Qc3 c5 16. e4 cxd4 17. Qxd4 e5 18. Qb2 fxe4 19. cxd5 exf3 20. Nxf3 e4 21. Ne5
Rxf1+ 22. Rxf1 Bxd5 23. Qd4 Qc5 24. Qxc5 bxc5 25. Rd1 Na6 26. Rxd5 Re8 27. Bxe4
g6 28. Bg2 Kg7 29. Rd7+ Kf6 30. Rxa7 Nb4 31. Nd7+ Kg5 32. Nxc5 Re5 33. Ne4+ Kf5
34. a3 Nc2 35. Kf2 h5 36. Ra6 Rd5 37. Nd6+ 1-0

[Event "25.Schlosspark-Open"]
[Site "Wiesbaden-Biebrich"]
[Date "2013.08.25"]
[Round "6.22"]
[White "Lanz, Udo"]
[Black "Berberich, Christoph"]
[Result "0-1"]
[WhiteElo "1896"]
[BlackElo "2078"]
[PlyCount "50"]
[EventDate "2013.??.??"]
[WhiteTeam "SC Eberbach"]
[BlackTeam "SK Freiburg Zähringen 1887 e.V."]

1. c4 Nf6 2. Nc3 c5 3. g3 g6 4. Bg2 Bg7 5. Nf3 O-O 6. O-O d5 7. e3 Nc6 8. cxd5
Nxd5 9. Nxd5 Qxd5 10. Nd4 Qd6 11. Nxc6 bxc6 12. Qa4 Bd7 13. Rd1 Rfb8 14. Rb1
Rb4 15. Qc2 Bg4 16. f3 Bf5 17. e4 Be6 18. b3 Rab8 19. Kh1 Bd4 20. Bb2 Bxb2 21.
Rxb2 c4 22. Rc1 cxb3 23. axb3 Rxb3 24. Rxb3 Rxb3 25. Bf1 Rxf3 0-1

[Event "25.Schlosspark-Open"]
[Site "Wiesbaden-Biebrich"]
[Date "2013.08.25"]
[Round "6.23"]
[White "Puschendorf, Steffen"]
[Black "Böddeker, Henry"]
[Result "1-0"]
[WhiteElo "2220"]
[BlackElo "1744"]
[PlyCount "74"]
[EventDate "2013.??.??"]
[WhiteTeam "ESV Gera"]
[BlackTeam "SV 1920 Hofheim"]

1. d4 d5 2. c4 c6 3. Nf3 Nf6 4. g3 Bf5 5. Bg2 e6 6. Nc3 Nbd7 7. O-O Be7 8. h3
h6 9. b3 O-O 10. Bb2 a6 11. Ne5 Nxe5 12. dxe5 Nd7 13. e4 dxe4 14. Nxe4 Bxe4 15.
Bxe4 Qc7 16. Qe2 Nc5 17. Bc2 a5 18. h4 Rfd8 19. Rad1 Kf8 20. Qe3 Ke8 21. Bd4 b6
22. Rd2 Rab8 23. Bd1 Nd7 24. Bh5 Bc5 25. f4 Bxd4 26. Rxd4 g6 27. Bf3 Nc5 28.
Rfd1 Rxd4 29. Qxd4 Rc8 30. h5 Nb7 31. hxg6 fxg6 32. Qd3 Qg7 33. Be4 Kf8 34. Qf3
Qe7 35. Bxg6 Rd8 36. Rxd8+ Qxd8 37. Qxc6 Nc5 1-0

[Event "25.Schlosspark-Open"]
[Site "Wiesbaden-Biebrich"]
[Date "2013.08.25"]
[Round "6.24"]
[White "Karthaus, Carsten"]
[Black "Pioch, Thomas"]
[Result "1/2-1/2"]
[WhiteElo "1965"]
[BlackElo "2172"]
[PlyCount "33"]
[EventDate "2013.??.??"]
[WhiteTeam "SG Stern Stuttgart"]
[BlackTeam "Sfr.Mainz 1928"]

1. e4 e6 2. d4 d5 3. exd5 exd5 4. Bd3 Nf6 5. Ne2 Bd6 6. O-O O-O 7. Bf4 Bg4 8.
f3 Bh5 9. Qd2 Bg6 10. Bxg6 hxg6 11. Nbc3 c6 12. Bxd6 Qxd6 13. Qf4 Qxf4 14. Nxf4
Nbd7 15. Rfe1 Rfe8 16. Kf2 Kf8 17. Nd3 1/2-1/2

[Event "25.Schlosspark-Open"]
[Site "Wiesbaden-Biebrich"]
[Date "2013.08.25"]
[Round "6.25"]
[White "Frey, Thomas"]
[Black "Supplieth, Peter"]
[Result "0-1"]
[WhiteElo "2141"]
[BlackElo "2000"]
[PlyCount "56"]
[EventDate "2013.??.??"]
[WhiteTeam "SV Reutlingen"]
[BlackTeam "SC Kevelaer 1948 e.V."]

1. d4 Nf6 2. c4 g6 3. Nc3 d5 4. Nf3 Bg7 5. Qb3 c6 6. cxd5 Nxd5 7. e4 Nxc3 8.
bxc3 O-O 9. Ba3 b5 10. Be2 Be6 11. Qc2 h6 12. O-O Nd7 13. Nd2 a5 14. Nb3 Nb6
15. Rad1 Qc7 16. Bc5 Na4 17. Ba3 Nb6 18. Nc5 Bc4 19. Nd3 b4 20. Bb2 Bxa2 21.
cxb4 Bc4 22. bxa5 Rxa5 23. Ra1 Rfa8 24. Nb4 Bxe2 25. Qxe2 Rxa1 26. Bxa1 Qd6 27.
Na6 Qa3 28. Nc7 Qxa1 0-1

[Event "25.Schlosspark-Open"]
[Site "Wiesbaden-Biebrich"]
[Date "2013.08.25"]
[Round "6.26"]
[White "Kuhn, Gerhard"]
[Black "Koch, Markus"]
[Result "0-1"]
[WhiteElo "1996"]
[BlackElo "2140"]
[PlyCount "102"]
[EventDate "2013.??.??"]
[WhiteTeam "SK Marburg 1931/72"]
[BlackTeam "SC Brett vor'm Kopp Ffm"]

1. e4 c5 2. c3 d5 3. exd5 Qxd5 4. d4 e6 5. Nf3 Nf6 6. Be2 Be7 7. O-O O-O 8. Be3
Ng4 9. Nbd2 Nc6 10. h3 cxd4 11. cxd4 Nxe3 12. fxe3 Qd8 13. Nc4 Bf6 14. Qb3 b6
15. a4 Ba6 16. Rfe1 Rc8 17. Ncd2 Bxe2 18. Rxe2 Qd5 19. Qxd5 exd5 20. Kf2 Nb4
21. Ne1 a5 22. Rd1 Rfe8 23. Nb1 h5 24. Nc3 Red8 25. Kf3 Rc6 26. Kf2 Be7 27. Nf3
Bd6 28. Ne1 h4 29. Nd3 Bg3+ 30. Kg1 Rc4 31. Nf2 f5 32. Nd3 g6 33. Nf4 Kf7 34.
Nd3 Kf6 35. Kf1 g5 36. Nf2 Ke6 37. Nh1 Na6 38. Nxg3 hxg3 39. Ke1 Nc7 40. Kd2
Ne8 41. Kd3 Rdc8 42. Rc2 Nd6 43. Rdc1 Rb4 44. Rb1 Ne4 45. Ra1 Rb3 46. Ra3 Rxa3
47. bxa3 Rxc3+ 48. Rxc3 Nxc3 49. Kxc3 f4 50. exf4 gxf4 51. Kd2 f3 0-1

[Event "25.Schlosspark-Open"]
[Site "Wiesbaden-Biebrich"]
[Date "2013.08.25"]
[Round "6.27"]
[White "Friesen, Viktor"]
[Black "Diez, Gerhard"]
[Result "1-0"]
[WhiteElo "2123"]
[BlackElo "1996"]
[PlyCount "81"]
[EventDate "2013.??.??"]
[WhiteTeam "Herforder SV Königsspr"]
[BlackTeam "SC Bad Nauheim"]

1. Nf3 d5 2. d4 Bg4 3. g3 e6 4. Bg2 c6 5. O-O Nd7 6. c4 Be7 7. Bf4 Ngf6 8. Nc3
O-O 9. Qb3 Nh5 10. Qxb7 Nxf4 11. gxf4 Bxf3 12. Bxf3 Bf6 13. e3 c5 14. cxd5 Rb8
15. Qxa7 cxd4 16. exd4 Rb4 17. Rfd1 Nb6 18. Qa3 Be7 19. b3 Qd6 20. Qc1 exd5 21.
Qe3 Bf6 22. Rab1 Qd7 23. f5 Re8 24. Qf4 Be5 25. Qg4 h5 26. Qxh5 Rxd4 27. Ne2
Rxd1+ 28. Rxd1 d4 29. Qg5 d3 30. Ng3 Nd5 31. Bxd5 Bf6 32. Qg4 Qxd5 33. Qc4 Qf3
34. Rxd3 Re1+ 35. Nf1 Qe2 36. Qc8+ Qe8 37. Qxe8+ Rxe8 38. Ne3 Re4 39. Kg2 Be5
40. h3 Rf4 41. a4 1-0